LEADER 01227nam a2200301 u 4500 001 000000074864 003 CaOOAMICUS 005 20070226123034.0 008 021218s1979 gw u000 u eng u 020 $a3110075067 035 $a10949252 040 $aPUL$bita 100 1 $aNeie, Herbert.$0(OLS)http://pul/name/49673 245 14$aThe doctrine of the atonement in the theology of Wolfhart Pannenberg /$cHerbert Neie. 260 $aBerlin :$bDe Gruyter,$c1979. 300 $aix, 237 p. ;$c22 cm 490 1 $aTheologische Bibliothek Töpelmann ;$vBd. 36 500 $aContiene indici. 504 $aBibliografia in nota. 600 14$aPannenberg, Wolfhart,$d1928-2014$xTeologia.$0(OLS)http://pul/subject/26092 830 0$aTheologische Bibliothek Töpelmann ;$vBd. 36.$0(OLS)http://pul/title/7111 850 $aPUL 852 $aPUL$W1$xDP2 Religione 1$y63$m17 I 36$j96469$nBK-PRI$b $qStampati$B96469$CPULBib$Z2$F96469 $81 941 1 $a8 961 $aINV: 89280 996 $6020$a3110075067$9(OLS)http://pul/number/97394 996 $6245$aThe doctrine of the atonement in the theology of Wolfhart Pannenberg$9(OLS)http://pul/title/98216 996 $6260$aBerlin :$bDe Gruyter$9(OLS)http://pul/publisher/48625 LEADER 01671nam a2200301 u 4500 001 000000119303 003 CaOOAMICUS 005 20100119114135.0 008 100119t2008 it u100 u ita r 020 $a978-88-6244-054-7 040 $aPUL$bita$dReb 100 1 $aPitta, Antonio,$d1959-$0(OLS)http://pul/name/8770 245 13$aLa gioia del dare :$bspiritualità diocesana e condivisione dei beni /$cAntonio Pitta, Dario Vitali. 260 $aPian di Porto (Todi) :$bTau Editrice,$c©2008. 300 $a108 p. ;$c21 cm 490 1 $aQuaderni annuali dell'Unione Apostolica del Clero 500 $aSul front. si legge: Nella prima parte: Sostenere la Chiesa per servire tutti. A vent'anni da Sovvenire alle necessità della Chiesa. Lettera dell'Episcopato nel ventesimo anniversario dell'avvio del nuovo sistema di sostegno economico alla Chiesa cattolica in Italia. 504 $aBibliografia p. 369-383. 650 4$aSpiritualità diocesana.$0(OLS)http://pul/subject/36303 700 1 $aVitali, Dario,$csac.,$d1956 -$0(OLS)http://pul/name/40122 710 2 $aUnione Apostolica del Clero.$0(OLS)http://pul/name/73436 830 0$aQuaderni annuali dell'Unione Apostolica del Clero.$0(OLS)http://pul/title/150123 850 $aPUL 852 $aPUL$W1$xSL Religione 3$y85$m261. 85 PITAN 1$j136905$qDDC 21$B135926$CPULBib$Z2$F135926 $H109239 $82 941 1 $a9 996 $6020$a978-88-6244-054-7$9(OLS)http://pul/number/143027 996 $6245$aLa gioia del dare :$bspiritualità diocesana e condivisione dei beni$9(OLS)http://pul/title/150122 996 $6260$aPian di Porto (Todi) :$bTau Editrice$9(OLS)http://pul/publisher/79947